[Event "Memorial N.Mukhamedzianov (open)"]
[Site "masterchessopen.com Kazan (Russia)"]
[Date "2007.02.01"]
[Round "7"]
[White "Belsky Artyom (RUS)"]
[Black "Sabirov Irek (RUS)"]
[Result "1-0"]
[WhiteElo "1509"]
[BlackElo "1925"]

1.d4 Nf6 2.c4 g6 3.Nc3 d5 4.Nf3 Bg7 5.Bg5 dxc4 6.e4 Bg4 7.Be2 Nbd7 8.d5 Nh5
9.Bxc4 h6 10.Be3 Nb6 11.Bb3 c6 12.h3 Bd7 13.g4 Qc8 14.gxh5 Bxh3 15.hxg6 fxg6
16.Nh4 Bg4 17.Qd3 Bf5 18.Nxf5 gxf5 19.Rg1 Bf8 20.e5 Qc7 21.e6 O-O-O 22.Qxf5
Qh2 23.O-O-O a6 24.Bf4 Qxf2 25.Qe5 Rd6 26.Qe4 {#r} 1-0

[Event "Tournament (Elo) (c)"]
[Site "masterchessopen.com Budapest (Hungary)"]
[Date "2007.02.10"]
[Round "8"]
[White "Papp Jozsef (HUN)"]
[Black "Mendege Andras (HUN)"]
[Result "0-1"]
[WhiteElo "1878"]
[BlackElo "1877"]

1.Nf3 Nf6 2.d4 g6 3.c4 Bg7 4.Nc3 d5 5.Bg5 Ne4 6.Nxd5 Nxg5 7.Nxg5 e6 8.Nxc7+
Qxc7 9.e4 Qa5+ 10.Qd2 Qxd2+ 11.Kxd2 Bxd4 12.Nf3 Bxb2 13.Rb1 Bg7 14.Bd3 {#R}
0-1

[Event "It (open)"]
[Site "masterchessopen.com Stillwater (USA)"]
[Date "2007.02.18"]
[Round "4"]
[White "Burnett Ronald (USA)"]
[Black "Trammell George (USA)"]
[Result "1-0"]
[WhiteElo "2371"]
[BlackElo "2058"]

1.d4 Nf6 2.c4 g6 3.Nc3 d5 4.Nf3 Bg7 5.Bg5 Ne4 6.cxd5 Nxg5 7.Nxg5 c6 8.dxc6
Nxc6 9.d5 Qa5 10.Qd2 Nd4 11.Rc1 O-O 12.e3 Nf5 13.Nf3 e5 14.Nb5 Qxa2 15.Bc4 Qa6
16.Nc7 Qd6 17.Nxa8 Bd7 18.O-O Rxa8 19.Ng5 h6 20.Ne4 Qb8 21.d6 a5 22.Bxf7+ Kxf7
23.Rc7 Ke8 24.Nc5 {#r} 1-0

[Event "Ch Romania"]
[Site "masterchessopen.com Amara (Romania)"]
[Date "2007.02.20"]
[Round "6"]
[White "Manea Alexandru (ROM)"]
[Black "Ocnarescu Victor (ROM)"]
[Result "1-0"]
[WhiteElo "2378"]
[BlackElo "2197"]

1.d4 Nf6 2.c4 g6 3.Nc3 d5 4.Nf3 Bg7 5.Bg5 Ne4 6.cxd5 Nxg5 7.Nxg5 e6 8.Qd2 exd5
9.Qe3+ Kf8 10.Qf4 Bf6 11.h4 h6 12.Nf3 Kg7 13.O-O-O Be6 14.g4 Nd7 15.Bg2 Be7
16.g5 h5 17.Ne5 c6 18.Bh3 Rf8 19.Bxe6 fxe6 20.Qe3 {#r} 1-0

[Event "Ch Portugal (seniors)"]
[Site "masterchessopen.com Lisbon (Portugal)"]
[Date "2007.03.25"]
[Round "1"]
[White "Santos Jose Fernandes Dos"]
[Black "Santos Norberto Fernandes (POR)"]
[Result "1-0"]
[WhiteElo "1761"]
[BlackElo "1524"]

1.d4 Nf6 2.c4 g6 3.Nc3 d5 4.Nf3 Bg7 5.Bg5 Ne4 6.Bf4 O-O 7.e3 Nxc3 8.bxc3 c5
9.Bd3 Bg4 10.h3 dxc4 11.Bxc4 Bd7 12.O-O Nc6 13.Rb1 Na5 14.Bd5 e6 15.Bxb7 Nxb7
16.Rxb7 Bc6 17.Rb1 Be4 18.Rb2 c4 19.Ne5 Qd5 20.f3 f6 21.fxe4 Qa5 22.Nxc4 Qxc3
23.Rc2 Qb4 24.Bd6 Qb8 25.Bxb8 {#r} 1-0

[Event "Ch Baden"]
[Site "masterchessopen.com Oberwinden (Germany)"]
[Date "2007.04.10"]
[Round "6"]
[White "Vogelbacher Georg (GER)"]
[Black "Rauch Uwe (GER)"]
[Result "0-1"]
[WhiteElo "2164"]
[BlackElo "2201"]

1.d4 Nf6 2.c4 g6 3.Nc3 d5 4.Nf3 Bg7 5.Bg5 Ne4 6.cxd5 Nxg5 7.Nxg5 e6 8.Nf3 exd5
9.b4 O-O 10.e3 c6 11.Rc1 Qe7 12.Qb3 Bg4 13.Be2 Bxf3 14.gxf3 a6 15.a4 Re8
16.O-O b5 17.axb5 axb5 18.Rc2 Bf8 19.Na2 Qh4 20.f4 Bd6 21.Bxb5 Qg4+ 22.Kh1
Qf3+ 23.Kg1 cxb5 24.Qd3 Bxf4 25.Qxb5 Bxh2+ 26.Kxh2 Re4 {#R} 0-1

[Event "It (open)"]
[Site "masterchessopen.com Angers (France)"]
[Date "2007.04.14"]
[Round "3"]
[White "Valette Christian (FRA)"]
[Black "Kozakov Mikhail (UKR)"]
[Result "0-1"]
[WhiteElo "2074"]
[BlackElo "2449"]

1.d4 Nf6 2.Nf3 g6 3.c4 Bg7 4.Nc3 d5 5.Bg5 dxc4 6.Qa4+ c6 7.Qxc4 O-O 8.g3 b5
9.Qb3 Be6 10.Qd1 Qa5 11.a3 c5 12.Bg2 Nc6 13.dxc5 Ne4 14.O-O Nxc3 15.bxc3 Qxc3
16.Rc1 Qxa3 17.Nd2 Qa6 18.Nb3 h6 19.Bxc6 Qxc6 20.Bxe7 Rfe8 21.Bd6 Bh3 22.f3
Bxf1 23.Kxf1 a5 24.Nd4 Bxd4 25.Qxd4 b4 26.Qf4 b3 27.Qxh6 a4 28.h4 Qb5 {#R} 0-1

[Event "Ch Ukraine (club)"]
[Site "masterchessopen.com Alushta (Ukraine)"]
[Date "2007.04.25"]
[Round "5"]
[White "Nosenko Alexander (UKR)"]
[Black "Vovk Yuri (UKR)"]
[Result "0-1"]
[WhiteElo "2504"]
[BlackElo "2561"]

{ } 1.d4 Nf6 2.Nf3 g6 3.c4 Bg7 4.Nc3 d5 5.Bg5 dxc4 6.e3 { ? } ( 6.e4 c5 7.d5
b5 8.d6 Qxd6 9.e5 Qxd1+ 10.Rxd1 Nfd7 11.Nxb5 Na6 12.Bxc4 Nb6 13.Be2 h6 14.Be3
O-O 15.Nc3 Bb7 16.O-O { 1/2-1/2, Oll Lembit 2620 - Sokolov Ivan 2670 , Parnu
1996 Memorial P.Keres (cat.17) } ) 6...Be6 7.Ne5 Nd5 8.Nxc4 c5 { ? } 9.Ne4 (
9.Qa4+ Qd7 10.Qxd7+ Nxd7 11.Nxd5 Bxd5 12.dxc5 Rc8 13.Rc1 Rxc5 14.b4 Rc6 15.b5
Rc5 16.e4 Bxe4 17.Be3 Rd5 18.Nd2 Nf6 19.Bxa7 O-O 20.Bc4 Bxg2 21.Bxd5 Bxd5
22.O-O Bxa2 23.Rfe1 e6 24.Rc2 Bd5 25.Rec1 Bh6 26.Be3 Bxe3 27.fxe3 Kg7 28.Rc8
Rxc8 { ...0-1, Piscicelli Daniel 2350 - Pierrot Facundo 2446 , Mar del Plata
1999 It (open) } ) ( 9.Nb5 O-O 10.dxc5 h6 11.Bh4 Nc6 12.Bg3 a6 13.Nd4 Nxd4
14.exd4 Nb4 15.Qd2 Nc6 16.Nb6 Qxd4 17.Nxa8 Qe4+ 18.Qe3 Qb4+ 19.Qd2 Bxb2
20.Qxb4 Nxb4 21.Nc7 Bc3+ 22.Kd1 Rd8+ 23.Kc1 Bf5 24.a3 Nc6 25.Rb1 Na5 26.Bf4
Rd7 27.c6 Nxc6 28.Rxb7 e5 { ...1-0, Grivas Efstratios 2505 - Ristic Nenad 2441
, Athens 1993 It (open) } ) 9...cxd4 ( 9...h6 10.Ncd6+ Kf8 11.Nxb7 Qb6
12.Nbxc5 hxg5 13.Nxg5 Bf5 14.Bd3 Bxd3 15.Qxd3 Qb4+ 16.Qd2 e5 17.e4 exd4
18.Nge6+ fxe6 19.Nxe6+ Kf7 20.exd5 Na6 21.a3 Qxd2+ 22.Kxd2 Rac8 23.Rac1 Bh6+
24.f4 Nc7 25.Nxc7 Bxf4+ 26.Kd3 Bxc7 27.Rhf1+ Ke7 28.Rce1+ Kd6 29.Re6+ {
...0-1, Sergienko Sergey 2419 - Nevostrujev Vladimir 2486 , Smolensk 2000 Ch
Russia (club) } ) 10.Ned6+ ( 10.exd4 O-O 11.Nc5 Bc8 12.Be2 Nc6 13.Nb3 h6
14.Be3 Nxe3 15.fxe3 e5 16.d5 Nb4 17.d6 Be6 18.O-O Rc8 19.Nba5 b6 20.d7 Rc7
21.Qa4 bxa5 22.Nxa5 Nc2 23.Rad1 Bxd7 24.Qb3 Qb8 25.Rc1 Qxb3 26.axb3 Bf5
27.Rfd1 Rcc8 28.Ba6 Rcd8 29.Kf2 Nb4 { ...0-1, Johansen Darryl K 2440 -
Morrison Graham 2149 , Brighton 1984 Ch Great Britain } ) ( 10.Ncd6+ { -0.41
CAP } ) 10...Kf8 11.Nxb7 { -1.12 CAP } 11...Qc7 12.Nba5 { N } ( 12.Nca5 Qe5
13.Bh4 dxe3 14.Be2 Qxb2 15.Nb3 Nc6 16.O-O Nc3 { 0-1, Akesson Ralf 2494 -
Sokolov Ivan 2570 , Stockholm 1988 Cup Rilton } ) 12...dxe3 13.fxe3 h6 14.e4
hxg5 15.exd5 Bf5 16.d6 exd6 17.Be2 { ?! } ( 17.Qd5 { !? } 17...Qe7+ 18.Kd2 Be4
19.Qxd6 Nc6 20.Nxc6 Qxd6+ 21.Nxd6 Bxc6 22.Rc1 Bd5 23.Rc5 Bxa2 { } ) 17...Nd7 {
?! } ( 17...Bxb2 { !? } 18.Bf3 Rh4 19.Nxb2 Qxa5+ 20.Qd2 Qe5+ 21.Kf2 Nc6
22.Rhe1 Qc5+ 23.Re3 Rd4 24.Qc1 { } ) 18.Qd2 Nc5 19.Rd1 Ne4 20.Qd5 Re8 21.Rd3
Be5 22.Rb3 Bg3+ 23.Kf1 Rh4 24.Rb7 Rf4+ 25.Kg1 Bf2+ 26.Kf1 Nd2+ 27.Qxd2 Be3+
28.Bf3 Rxf3+ { } {#R} 0-1

[Event "Ch Poland (juniors) (under 14) (g)"]
[Site "masterchessopen.com Turawa (Poland)"]
[Date "2007.04.28"]
[Round "2"]
[White "Dobrzanska Magdalena (POL)"]
[Black "Gluszko Monika (POL)"]
[Result "0-1"]
[WhiteElo "1443"]
[BlackElo "1823"]

1.d4 Nf6 2.c4 g6 3.Nc3 d5 4.Nf3 Bg7 5.Bg5 dxc4 6.e3 Be6 7.Ne5 Nd5 8.Qa4+ c6
9.Nxc4 Nxc3 10.bxc3 b5 11.Qb4 Bxc4 12.Bxc4 bxc4 13.Qb7 Nd7 14.Qxc6 O-O 15.Qxc4
Nf6 16.O-O Qa5 17.Qd3 Qxg5 {#R} 0-1

[Event "Ch City (open)"]
[Site "masterchessopen.com Frankfurt (Germany)"]
[Date "2007.04.30"]
[Round "1"]
[White "Schreiner Roland"]
[Black "Riha Peter (GER)"]
[Result "1-0"]
[WhiteElo "1970"]
[BlackElo "1827"]

1.d4 Nf6 2.Nf3 g6 3.c4 Bg7 4.Nc3 d5 5.Bg5 Ne4 6.Bh4 c5 7.e3 Qa5 8.Qa4+ Qxa4
9.Nxa4 cxd4 10.Nxd4 Bd7 11.Nc3 Nxc3 12.bxc3 dxc4 13.Bxc4 Nc6 14.O-O Rc8 15.Be2
Na5 16.Rfc1 e5 17.Nb5 Rc6 18.Rd1 f6 19.Rd5 Nc4 20.Bxc4 {#r} 1-0

[Event "Ukrainian Games (w)"]
[Site "masterchessopen.com Evpatoria (Ukraine)"]
[Date "2007.05.21"]
[Round "1"]
[White "Majboroda Evgenija (UKR)"]
[Black "Cherednichenko Svetlana (UKR)"]
[Result "0-1"]
[WhiteElo "1964"]
[BlackElo "2221"]

1.d4 Nf6 2.Nf3 g6 3.c4 Bg7 4.Nc3 d5 5.Bg5 dxc4 6.e4 O-O 7.Bxc4 h6 8.Bh4 Bg4
9.Qb3 Bxf3 10.gxf3 Qxd4 11.Bxf7+ Rxf7 12.Qxb7 Rf8 13.Qxa8 Nbd7 14.Bxf6 Nxf6
15.Qc6 Kh7 16.Rd1 Qe5 17.Nd5 Nxe4 18.Ne3 Ng5 19.Ke2 Nxf3 20.b3 Qh5 21.Qa6 Ng1+
22.Ke1 Qf3 {#R} 0-1

[Event "It (open)"]
[Site "masterchessopen.com Zabrze (Poland)"]
[Date "2007.05.29"]
[Round "10"]
[White "Santura Janusz (POL)"]
[Black "Sroka Janusz (POL)"]
[Result "0-1"]
[WhiteElo "1817"]
[BlackElo "2163"]

1.d4 Nf6 2.Nf3 g6 3.c4 Bg7 4.Nc3 d5 5.Bg5 Ne4 6.Nxd5 Nxg5 7.Nxg5 e6 8.Nf3 exd5
9.e3 O-O 10.Bd3 Re8 11.O-O c6 12.b4 Bg4 13.h3 Be6 14.Qb3 Nd7 15.a4 Qf6 16.Rac1
Bxh3 17.a5 Bg4 18.Nh2 Be6 {#R} 0-1

[Event "Tournament (open)"]
[Site "masterchessopen.com Kartuzy (Poland)"]
[Date "2007.06.30"]
[Round "9"]
[White "Rek Krzysztof (POL)"]
[Black "Kapica Pawel (POL)"]
[Result "1-0"]
[WhiteElo "2046"]
[BlackElo "1804"]

1.d4 Nf6 2.Nf3 g6 3.c4 Bg7 4.Nc3 d5 5.Bg5 Ne4 6.cxd5 Nxc3 7.bxc3 Qxd5 8.Qb3
Be6 9.Qxd5 Bxd5 10.e3 c5 11.Nd2 cxd4 12.cxd4 e5 13.e4 Bc6 14.d5 Ba4 15.Nc4 O-O
16.Nd6 b6 17.Rc1 f5 18.f3 fxe4 19.fxe4 Rd8 20.Nb7 Re8 {#r} 1-0

[Event "It (open)"]
[Site "masterchessopen.com Balaguer (Spain)"]
[Date "2007.07.18"]
[Round "3"]
[White "Delchev Aleksander (BUL)"]
[Black "Aswin Jayaram (IND)"]
[Result "1-0"]
[WhiteElo "2613"]
[BlackElo "2478"]

1.d4 Nf6 2.c4 g6 3.Nc3 d5 4.Nf3 Bg7 5.Bg5 Ne4 6.Bh4 Nxc3 7.bxc3 c5 8.cxd5 Qxd5
9.e3 cxd4 10.cxd4 Nc6 11.Be2 O-O 12.O-O Bf5 13.Nd2 Qd7 14.Rc1 Rac8 15.Nb3 e5
16.Nc5 Qd6 17.g4 Be6 18.Nxb7 Qb8 19.d5 Qxb7 20.dxe6 fxe6 21.Qd6 Kh8 22.Qxe6
Qb2 23.Ba6 Nd4 24.Qxc8 Nf3+ 25.Kh1 Nxh4 26.Qb7 {#r} 1-0

[Event "It (open)"]
[Site "masterchessopen.com Senta (Serbia)"]
[Date "2007.07.21"]
[Round "1"]
[White "Galyas Miklos (HUN)"]
[Black "Pajzer Istvan (SRB)"]
[Result "1-0"]
[WhiteElo "2433"]
[BlackElo "2152"]

1.d4 Nf6 2.c4 g6 3.Nc3 d5 4.Nf3 Bg7 5.Bg5 Ne4 6.Bh4 c5 7.cxd5 Nxc3 8.bxc3 Qxd5
9.e3 cxd4 10.cxd4 Nc6 11.Be2 O-O 12.O-O b6 13.Qb3 Be6 14.Qxd5 Bxd5 15.Rfc1
Rfc8 16.Ba6 Rc7 17.Bg3 Rd7 18.Bb5 Rc8 19.Rc3 e5 20.Rac1 exd4 21.exd4 Bh6
22.Rxc6 Bxc6 23.Rxc6 Rcd8 24.Bh4 g5 25.Rxh6 Rd5 26.Bc6 Ra5 27.Bxg5 {#r} 1-0

[Event "Memorial M.Najdorf (open)"]
[Site "masterchessopen.com Grodzisk Mazowiecki (Poland)"]
[Date "2007.07.28"]
[Round "9"]
[White "Gluszko Tomasz (POL)"]
[Black "Przezdziecka Marta (POL)"]
[Result "0-1"]
[WhiteElo "2159"]
[BlackElo "2259"]

1.d4 Nf6 2.c4 g6 3.Nc3 d5 4.Nf3 Bg7 5.Bg5 Ne4 6.cxd5 Nxg5 7.Nxg5 e6 8.Qa4+ Bd7
9.Qb3 Qxg5 10.Qxb7 O-O 11.Qxa8 Bxd4 12.Qb7 Qf6 13.Ne4 Qe5 14.Nd2 Bxb2 15.Rb1
Bc3 16.Qxa7 Qxd5 17.Qe3 Ba5 18.Qd3 Qxa2 19.Rc1 Ba4 20.e3 Qb2 21.Rb1 Bxd2+
22.Ke2 Qa2 23.Kf3 Bc2 {#R} 0-1

[Event "Ch Austria"]
[Site "masterchessopen.com Tweng (Austria)"]
[Round "6"]
[White "Pachta Paul (AUT)"]
[Black "Wittmann Walter (AUT)"]
[Result "1-0"]
[WhiteElo "2288"]
[BlackElo "2304"]

1.d4 Nf6 2.c4 g6 3.Nf3 Bg7 4.Nc3 d5 5.Bg5 dxc4 6.e4 c5 7.d5 b5 8.d6 Bb7 9.dxe7
Qxe7 10.Qe2 h6 11.e5 hxg5 12.exf6 Bxf6 13.Nxb5 Bxb2 14.Rd1 Bxf3 15.gxf3 Na6
16.Nd6+ Kf8 17.Qxe7+ Kxe7 18.Bxc4 Nb4 19.O-O Be5 20.Rfe1 Kf6 21.Ne4+ Kf5
22.Rd7 f6 23.Ng3+ Bxg3 24.Be6+ Kf4 25.hxg3+ {#r} 1-0

[Event "Cup Independence (open) (b)"]
[Site "masterchessopen.com Kiev (Ukraine)"]
[Date "2007.08.03"]
[Round "1"]
[White "Perun Sergey (UKR)"]
[Black "Zhukov Sergey (RUS)"]
[Result "1-0"]
[WhiteElo "2352"]
[BlackElo "1807"]

1.d4 Nf6 2.Nf3 g6 3.c4 Bg7 4.Nc3 d5 5.Bg5 Ne4 6.cxd5 Nxc3 7.bxc3 Qxd5 8.e3 Bg4
9.Be2 Nd7 10.Bf4 Qa5 11.O-O c6 12.Qb3 b5 13.Ng5 Be6 14.Nxe6 fxe6 15.Qxe6 Qb6
16.a4 a6 17.Rfb1 Rd8 18.axb5 axb5 19.Bc4 Rf8 20.Bg5 Nf6 21.Bxb5 Rd6 22.Ra8+
{#r} 1-0

[Event "It (open) (juniors) (under 14)"]
[Site "masterchessopen.com Hengelo (Netherlands)"]
[Date "2007.08.10"]
[Round "8"]
[White "Van Veelen Thomas"]
[Black "Brookes Christopher (NED)"]
[Result "0-1"]
[WhiteElo "1459"]
[BlackElo "1947"]

1.d4 Nf6 2.Nf3 g6 3.c4 Bg7 4.Nc3 d5 5.Bg5 Ne4 6.cxd5 Nxc3 7.bxc3 Qxd5 8.e3 Bg4
9.Be2 Nc6 10.O-O Bxf3 11.Bxf3 Qxg5 12.Qb3 Nd8 13.Bxb7 Nxb7 14.Qxb7 O-O 15.Qxc7
Rfc8 16.Qb7 e6 17.Rab1 Qa5 18.Rfe1 Qxa2 19.c4 Rab8 20.Qxb8 Rxb8 21.Rxb8+ Bf8
22.c5 Qa3 23.Reb1 Kg7 24.h3 Qc3 25.Rc8 a5 26.c6 a4 27.g3 a3 {#R} 0-1

[Event "It (open)"]
[Site "masterchessopen.com Brasschaat (Belgium)"]
[Date "2007.08.18"]
[Round "1"]
[White "Duhayon Yves (BEL)"]
[Black "Hellemans Filip"]
[Result "1-0"]
[WhiteElo "2229"]
[BlackElo "1694"]

1.d4 Nf6 2.Nf3 g6 3.c4 Bg7 4.Nc3 d5 5.Bg5 Ne4 6.Qc1 c5 7.Bh6 O-O 8.Bxg7 Kxg7
9.cxd5 Nxc3 10.Qxc3 cxd4 11.Qxd4+ Kg8 12.e4 e6 13.Bc4 Qa5+ 14.Qd2 Qxd2+
15.Kxd2 exd5 16.Bxd5 Na6 17.Ne5 Be6 18.Bxe6 fxe6 19.f3 Rfd8+ 20.Ke2 Rac8
21.Rac1 Nb4 22.a3 Nc2 23.Rhd1 Nd4+ {#r} 1-0

[Event "It (open)"]
[Site "masterchessopen.com Lausanne (Switzerland)"]
[Date "2007.09.15"]
[Round "3"]
[White "Gheorghiu Florin (ROM)"]
[Black "Serban Vlad (LUX)"]
[Result "1-0"]
[WhiteElo "2357"]
[BlackElo "2176"]

1.d4 Nf6 2.Nf3 g6 3.c4 Bg7 4.Nc3 d5 5.Bg5 Ne4 6.Bh4 c6 7.e3 Nxc3 8.bxc3 O-O
9.Qb3 Re8 10.Be2 Qa5 11.O-O Nd7 12.cxd5 cxd5 13.c4 e6 14.cxd5 Qxd5 15.Qxd5
exd5 16.Rfc1 Nf8 17.Rab1 b6 18.Bb5 Bd7 19.Bxd7 Nxd7 20.Rb5 Rec8 21.Rxc8+ Rxc8
22.g4 Rc1+ 23.Kg2 Rc2 24.Rxd5 Nf8 25.a3 f6 26.Rd8 Ra2 27.g5 f5 28.Bg3 {#r} 1-0

[Event "Ch Montenegro (team) (1 liga)"]
[Site "masterchessopen.com Podgorica (Montenegro)"]
[Date "2007.09.16"]
[Round "3"]
[White "Djuric Petar (SRB)"]
[Black "Anastasijevic Marko (MNE)"]
[Result "1-0"]
[WhiteElo "2258"]
[BlackElo "1777"]

1.d4 Nf6 2.c4 g6 3.Nc3 d5 4.Nf3 Bg7 5.Bg5 c6 6.e3 O-O 7.Bd3 Nbd7 8.O-O dxc4
9.Bxc4 b5 10.Bb3 Bb7 11.Ne5 b4 12.Na4 Ne4 13.Bf4 Nxe5 14.Bxe5 Bxe5 15.dxe5 Ba6
16.Re1 Bb5 17.Qg4 Qa5 18.Qxe4 Bxa4 19.e6 f6 20.Bxa4 Qxa4 21.b3 Qb5 22.Red1
Rfd8 23.Rd7 Rxd7 24.exd7 Qe5 25.Qc4+ Qd5 26.Rd1 {#r} 1-0

[Event "It (open)"]
[Site "masterchessopen.com Tatranske Zruby (Slovakia)"]
[Date "2007.09.23"]
[Round "2"]
[White "Kovacs Jozef (SVK)"]
[Black "Langner Ladislav (CZE)"]
[Result "0-1"]
[WhiteElo "2116"]
[BlackElo "2378"]

1.d4 Nf6 2.c4 g6 3.Nc3 d5 4.Nf3 Bg7 5.Bg5 Ne4 6.cxd5 Nxg5 7.Nxg5 e6 8.Qd2 h6
9.Nf3 exd5 10.g3 O-O 11.Bg2 Nc6 12.O-O Bf5 13.Rad1 Re8 14.Nh4 Be6 15.Nf3 Qd7
16.Rfe1 Rad8 17.Qc1 Bh3 18.Bh1 Bf5 19.Ne5 Nxe5 20.dxe5 d4 21.f4 f6 22.Ne4 fxe5
23.Nc5 Qf7 24.Nxb7 Rb8 25.fxe5 Rxe5 26.e4 Bg4 27.Rxd4 Rxb7 28.Rf1 Qe7 {#R} 0-1

[Event "It (open)"]
[Site "masterchessopen.com Miami (USA)"]
[Date "2007.09.27"]
[Round "2"]
[White "Esserman Marc (USA)"]
[Black "Mikhalevski Victor (ISR)"]
[Result "0-1"]
[WhiteElo "2270"]
[BlackElo "2598"]

1.d4 Nf6 2.c4 g6 3.Nc3 d5 4.Nf3 Bg7 5.Bg5 Ne4 6.cxd5 Nxg5 7.Nxg5 e6 8.Qa4+ Bd7
9.Qb3 Qxg5 10.Qxb7 Bxd4 11.Qxa8 O-O 12.e3 Qe5 13.Rc1 exd5 14.Qb7 Nc6 15.Be2
Bb6 16.Qa6 d4 17.exd4 Nxd4 18.O-O Re8 19.Rfe1 Qg5 20.h4 Qxh4 21.Rf1 Re5
22.Rce1 Nxe2+ 23.Nxe2 Rh5 {#R} 0-1

[Event "Ch World (juniors) (under 16)"]
[Site "masterchessopen.com Kemer (Turkey)"]
[Date "2007.11.18"]
[Round "1"]
[White "Savchenko Alekseij (GER)"]
[Black "Khodadadi Kamran (IRI)"]
[Result "1-0"]
[WhiteElo "2183"]
[BlackElo "1699"]

1.d4 Nf6 2.c4 g6 3.Nc3 d5 4.Nf3 Bg7 5.Bg5 Ne4 6.cxd5 Nxc3 7.bxc3 Qxd5 8.e3 c5
9.Be2 Nc6 10.O-O Bg4 11.Qb1 Rb8 12.Bf4 e5 13.Bxe5 Nxe5 14.Bb5+ Ke7 15.Nxe5
Bxe5 16.Bc4 Qd6 17.Qe4 f6 18.dxe5 Qxe5 19.Qxg4 Qxc3 20.Qe6+ {#r} 1-0

[Event "Ch World (juniors) (under 14)"]
[Site "masterchessopen.com Kemer (Turkey)"]
[Date "2007.11.20"]
[Round "3"]
[White "Nikolashvili Giorgi N (GEO)"]
[Black "Lagarde Maxime (FRA)"]
[Result "0-1"]
[WhiteElo "2112"]
[BlackElo "2256"]

1.d4 Nf6 2.c4 g6 3.Nc3 d5 4.Nf3 Bg7 5.Bg5 Ne4 6.cxd5 Nxg5 7.Nxg5 e6 8.Qd2 h6
9.Nf3 exd5 10.e3 O-O 11.Be2 c6 12.O-O Nd7 13.b4 Nf6 14.Rfc1 Ne4 15.Nxe4 dxe4
16.Ne1 f5 17.Qc2 Rb8 18.b5 cxb5 19.Bxb5 Be6 20.Qc7 Rc8 21.Qxb7 Rb8 22.Qa6 Rb6
23.Qa4 f4 24.Rc2 Qh4 25.Bc4 Rc8 26.g3 fxg3 27.fxg3 Qh5 28.Bf1 Bf5 {#R} 0-1

[Event "Ch City"]
[Site "masterchessopen.com Torun (Poland)"]
[Date "2007.11.25"]
[Round "8"]
[White "Grochowalski Pawel (POL)"]
[Black "Grabowski Marek (POL)"]
[Result "1-0"]
[WhiteElo "2108"]
[BlackElo "1855"]

1.d4 Nf6 2.Nf3 d5 3.c4 g6 4.Nc3 Bg7 5.Bg5 c6 6.e3 O-O 7.Be2 Qa5 8.O-O dxc4
9.Bxc4 Bg4 10.Bxf6 Bxf6 11.h3 Bc8 12.a3 Nd7 13.b4 Qd8 14.Qb3 Nb6 15.Be2 Be6
16.Qc2 Nd5 17.Ne4 Bg7 18.Nc5 Qc8 19.Bc4 b6 20.Nxe6 Qxe6 21.e4 Ne3 22.fxe3 {#r}
1-0

[Event "Memorial Baharov (open)"]
[Site "masterchessopen.com Sofia (Bulgaria)"]
[Date "2007.11.29"]
[Round "4"]
[White "Orev Petar (BUL)"]
[Black "Ivanov Dimitar (BUL)"]
[Result "1-0"]
[WhiteElo "2235"]
[BlackElo "2071"]

1.d4 Nf6 2.c4 g6 3.Nc3 d5 4.Nf3 Bg7 5.Bg5 c6 6.Qb3 e6 7.e4 dxe4 8.Nxe4 Qa5+
9.Bd2 Qd8 10.Nxf6+ Bxf6 11.Rd1 O-O 12.Be2 Qb6 13.Qa3 a5 14.b4 Be7 15.c5 Qc7
16.bxa5 Na6 17.O-O e5 18.Bxa6 Rxa6 19.Nxe5 Be6 20.Rb1 Bc4 21.Rfc1 Bd5 22.Nc4
Ra7 23.Nd6 {#r} 1-0

[Event "Extraliga 2007/08"]
[Site "masterchessopen.com Slovakia"]
[Date "2007.12.15"]
[Round "3"]
[White "Mokos Jozef (SVK)"]
[Black "Timoscenko Gennadij (SVK)"]
[Result "0-1"]
[WhiteElo "2289"]
[BlackElo "2487"]

1.d4 Nf6 2.Nf3 g6 3.c4 Bg7 4.Nc3 d5 5.Bg5 dxc4 6.e3 Be6 7.Ne5 Nd5 8.Nxc4 c5
9.Qa4+ Nc6 10.Nxd5 Qxd5 11.Nb6 Qxg5 12.Nxa8 O-O 13.Nc7 cxd4 14.Qb5 Qf6 15.e4
Bc8 16.Nd5 Qe5 17.a3 Qxe4+ 18.Be2 Rd8 {#R} 0-1

[Event "Ch Europe (active)"]
[Site "masterchessopen.com Warsaw (Poland)"]
[Date "2007.12.15"]
[Round "7"]
[White "Witek Tomasz (POL)"]
[Black "Schmidt Wlodzimierz (POL)"]
[Result "0-1"]
[WhiteElo "2113"]
[BlackElo "2410"]

1.d4 Nf6 2.Nf3 g6 3.c4 Bg7 4.Nc3 d5 5.Bg5 Ne4 6.cxd5 Nxg5 7.Nxg5 e6 8.Nf3 exd5
9.e3 O-O 10.Be2 c6 11.O-O Be6 12.a4 a5 13.Ne1 Re8 14.Nd3 Na6 15.Qd2 Bf5 16.Na2
Bf8 17.Rfd1 Bd6 18.Bf3 h5 19.Rac1 Qf6 20.Qc3 Bg4 21.Bxg4 hxg4 22.Qe1 Kg7
23.Qf1 Bxh2+ {#R} 0-1

[Event "Ch Region (1 league)"]
[Site "masterchessopen.com Samara (Russia)"]
[Date "2007.12.19"]
[Round "5"]
[White "Dorofeev Gennady (RUS)"]
[Black "Chernenko Alexander (RUS)"]
[Result "0-1"]
[WhiteElo "1784"]
[BlackElo "1989"]

1.d4 Nf6 2.Nf3 g6 3.c4 Bg7 4.Nc3 d5 5.Bg5 Ne4 6.Bf4 Nxc3 7.bxc3 O-O 8.e3 c5
9.cxd5 cxd4 10.cxd4 Qxd5 11.Bxb8 Rxb8 12.h3 Rd8 13.Qa4 Bd7 14.Qb3 Qa5+ 15.Nd2
Ba4 16.Qb2 e5 17.Rb1 exd4 18.Qb4 Qxb4 19.Rxb4 dxe3 20.Rxa4 exd2+ 21.Kd1 b5
22.Ra3 Rbc8 23.Rd3 Rxd3 {#R} 0-1

[Event "Ch SO Patron"]
[Site "masterchessopen.com Greece"]
[Date "2008.01.04"]
[Round "4"]
[White "Stamatopoulos Georgios"]
[Black "Anastasiou Efthymios"]
[Result "0-1"]
[WhiteElo "1000"]
[BlackElo "1010"]

1.d4 Nf6 2.c4 g6 3.Nc3 d5 4.Nf3 Bg7 5.Bg5 Ne4 6.Nxe4 dxe4 7.Nd2 Qxd4 8.Be3
Qxb2 9.Nxe4 Qxa1 10.Bc1 O-O 11.e3 Qe5 12.Nd2 Nc6 13.Nf3 Qd6 14.Bd3 Nb4 15.Bc2
Bc3+ 16.Nd2 Qc6 17.O-O b6 18.Ba3 Bb7 19.Nb3 Qxg2# 0-1

[Event "Czech League 2007/08 (1st)"]
[Site "masterchessopen.com Czech Republic"]
[Date "2008.03.09"]
[Round "9"]
[White "Pilar Miloslav (CZE)"]
[Black "Rosko Lubos (CZE)"]
[Result "0-1"]
[WhiteElo "2259"]
[BlackElo "2347"]

1.d4 Nf6 2.Nf3 g6 3.c4 Bg7 4.Nc3 d5 5.Bg5 Ne4 6.cxd5 Nxg5 7.Nxg5 e6 8.Nf3 exd5
9.e3 O-O 10.Be2 c5 11.Rc1 cxd4 12.Nxd4 Nc6 13.Nxc6 bxc6 14.O-O Qa5 15.Na4 Bd7
16.b3 Be5 17.f4 Bg7 18.e4 Rad8 19.exd5 cxd5 20.Rc5 Qb4 21.Rxd5 Bxa4 22.Bc4 Bc6
23.Rxd8 Qb6+ 24.Kh1 Rxd8 25.Qc2 Bd5 26.f5 Bxc4 27.Qxc4 gxf5 28.Rxf5 Qe6 {#R}
0-1

[Event "Ch France (team) (nat.1) 2007/08"]
[Site "masterchessopen.com France"]
[Date "2008.03.15"]
[Round "8"]
[White "Legky Nikolay A (UKR)"]
[Black "Gaborit Jean-Pierre (FRA)"]
[Result "1-0"]
[WhiteElo "2468"]
[BlackElo "2238"]

1.d4 Nf6 2.c4 g6 3.Nc3 d5 4.Nf3 Bg7 5.Bg5 dxc4 6.e3 Be6 7.Ne5 Nd5 8.Nxc4 c5
9.Nb5 h6 10.Bh4 cxd4 11.Nxd4 Bc8 12.Be2 O-O 13.O-O Na6 14.Bf3 Nc5 15.Rc1 Ne6
16.Nf5 gxf5 17.Qxd5 Ng5 18.Bxg5 hxg5 19.g3 Rb8 20.Qc5 b6 21.Qa3 Bb7 22.Rfd1
Qe8 23.Bxb7 Rxb7 24.Qd3 f4 25.Qd5 {#r} 1-0